Lyhimmät Aasian valtioiden nimet - Statistics

Yleistilastot
  • Tätä visaa on pelattu 1 638 kertaa
  • Keskiarvotulos 8 / 9
Vastaustilastot
Valtio % Oikein
Irak
88%
Iran
88%
Kiina
87%
Oman
87%
Laos
86%
Jemen
83%
Intia
81%
Nepal
81%
Qatar
76%
Ehtoja vastaavia visoja ei löytynyt
Tulosjakauma
Jokaisen tuloksen saaneiden osuus
Persentiili vastausten määrän mukaan
Tuloshistoriasi
Et ole pelannut tätä visaa